| 000 | 00673na a2200241 4500 | ||
|---|---|---|---|
| 001 | 24389 | ||
| 003 | MIRAKIL | ||
| 005 | 20181226104237.0 | ||
| 008 | 180928b tu 000 0 | ||
| 020 | _a9789752205253 | ||
| 041 | _atur | ||
| 082 |
_a324.2561072 _bS28c 2014 |
||
| 090 | _a324.2561072 S28c 2014 | ||
| 100 | _aSavaş, Vural | ||
| 245 |
_aCHP neden iktidar olamaz? _cVural Savaş |
||
| 260 |
_aAnkara _bBilgi Yayınevi _c2014 |
||
| 300 |
_a357 s. _c20 sm. |
||
| 504 | _aDizin var. | ||
| 610 |
_aCumhuriyet Halk Partisi (CHP) _xPropaganda ve ideolojiler |
||
| 650 |
_aSiyaset ve yönetim _xTürkiye |
||
| 942 |
_2ddc _cBKS |
||
| 040 |
_aMilas _btur _cTR-AnCHP |
||
| 999 |
_c11898 _d11898 |
||